Facultad de Derecho – Universidad Nacional de Mar del Plata

Aramburu: (Record no. 5481)

MARC details
000 -CABECERA
campo de control de longitud fija 00649nam a22001457a 4500
020 ## - NUMERO INTERNACIONAL NORMALIZADO PARA LIBROS (ISBN)
International Standard Book Number 9501523462
080 ## - NUMERO DE CLASIFICACION DECIMAL UNIVERSAL (CDU)
Número de la Clasificación Decimal Universal 929 (82) f 842
245 ## - MENCION DE TITULO
Título propiamente dicho Aramburu:
Parte restante del título la Biografia
260 ## - PUBLICACION, DISTRIBUCION, ETC. (PIE DE IMPRENTA)
Lugar de publicación, distribución, etc. Buenos Aires:
Nombre del editor, distribuidor, etc. Javier Vergara,
Fecha de publicación, distribución, etc. 2005
300 ## - DESCRIPCION FISICA
Extensión 416 P:
Dimensiones 25 X 16 Cm.
650 ## - ASIENTO SECUNDARIO DE MATERIA - TERMINO TEMATICO
Subdivisión general historia Politica argentina
-- derecho politico
-- Peron Juan Domingo
-- antiperonismo
-- peronismo
-- 1955
-- revolucion libertadora
-- Rojas
-- Lonardi
-- Eva Peron
-- cadaver
-- operaciones masacre
-- Frondizi
-- Guevara Che
-- Udelpa
-- 1970
-- Aramburu Pedro Eugenio
-- biografia
-- secuestro
-- crimen
-- socialismo nacional
700 ## - ASIENTO SECUNDARIO - NOMBRE PERSONAL
Nombre personal Fraga, Rosendo
Término de relación Pandolfi, Rodolfo
945 ## - INFORMACION DE PROCESAMIENTO LOCAL
Responsable de carga/modificación Celeste Delía
AAAA-MM-DD - Fecha de ingreso/modificación 2025-03-21
942 ## - ELEMENTOS AGREGADOS (KOHA)
Clasificación normalizada de Koha para alfabetizar _
Holdings
Retirado Perdido Fuente de clasificación Dañado No se presta Ubicación permanente Locación actual Estante o sala Fecha de adquisición Total préstamos Signatura topográfica Inventario Ultima fecha vista Fecha del precio Tipo de item de Koha
          Bib. Derecho Bib. Derecho Sala de Lectura 21/03/2025   929 (82) f 842 204588 21/03/2025 21/03/2025 LIBRO (Consulta)

XHTML | CSS | ©Biblioteca Central - Dto. Tecnología de la Información - [ Con tecnología Koha ]